[Event "CYCC U10"]
[Site "Victoria CAN"]
[Date "2005.03.24"]
[Round "1.12"]
[White "Belanger, Marc Andre"]
[Black "Brown, David"]
[Result "1-0"]
[WhiteElo "1327"]
[BlackElo "777"]
[PlyCount "33"]
[GameId "2160767910968945"]
[EventDate "2005.03.24"]
[EventType "swiss"]
[EventRounds "7"]
[EventCountry "CAN"]

1. e4 d6 2. d4 b6 3. Nc3 Bb7 4. Nf3 Nf6 5. Bd3 Nbd7 6. O-O g6 7. Be3 Bg7 8. Re1 O-O 9. Qd2 d5 10. e5 Ng4 11. Bf4 Rb8 12. h3 Nh6 13. Bxh6 Bxh6 14. Qxh6 c5 15. Ng5 Re8 16. Qxh7+ Kf8 17. Qh8# 1-0

[Event "CYCC U10"]
[Site "Victoria CAN"]
[Date "2005.05.24"]
[Round "1.13"]
[White "Rathwell, James"]
[Black "Bibic, Brennan"]
[Result "0-1"]
[WhiteElo "764"]
[BlackElo "1300"]
[PlyCount "31"]
[GameId "2160767910968946"]
[EventDate "2005.03.24"]
[EventType "swiss"]
[EventRounds "7"]
[EventCountry "CAN"]

1. d4 d5 2. c4 e6 3. Nf3 Nf6 4. Nc3 Bb4 5. cxd5 Nxd5 6. Bd2 Nc6 7. e4 Nf6 8. Bb5 Bd7 9. e5 Nd5 10. Bc4 Nxc3 11. Bxc3 Be7 12. O-O O-O 13. d5 exd5 14. Bxd5 Bc5 15. Ng5 Nxe5 16. Bxf7+ 0-1

[Event "CYCC U10"]
[Site "Victoria CAN"]
[Date "2005.03.24"]
[Round "1.14"]
[White "Sohal, Tanraj"]
[Black "Wong, Justin"]
[Result "1-0"]
[WhiteElo "1279"]
[BlackElo "763"]
[PlyCount "67"]
[GameId "2160767910968947"]
[EventDate "2005.03.24"]
[EventType "swiss"]
[EventRounds "7"]
[EventCountry "CAN"]

1. e4 e5 2. Nf3 Nf6 3. Nxe5 Nxe4 4. Qe2 d5 5. d3 Qf6 6. Nf3 Bf5 7. dxe4 Bxe4 8. Ng5 Qe5 9. Nxe4 dxe4 10. Qb5+ Qxb5 11. Bxb5+ c6 12. Bc4 b5 13. Be2 Bc5 14. Nc3 f5 15. Be3 Nd7 16. Bxc5 Nxc5 17. O-O b4 18. Nd1 Ne6 19. c3 Nf4 20. Bc4 c5 21. Bb5+ Ke7 22. Ne3 a6 23. Bc4 Rhd8 24. Nxf5+ Kf8 25. Rad1 g6 26. Nd6 Rd7 27. Nxe4 Rad8 28. Rxd7 Rxd7 29. Nxc5 Rc7 30. Ne6+ Nxe6 31. Bxe6 Rc8 32. Bh3 bxc3 33. bxc3 h5 34. Rd1 1-0

[Event "CYCC U10"]
[Site "Victoria CAN"]
[Date "2005.03.24"]
[Round "1.16"]
[White "Li, Stanley"]
[Black "Harris, Phelan"]
[Result "1-0"]
[WhiteElo "1197"]
[BlackElo "812"]
[PlyCount "67"]
[GameId "2160767910968948"]
[EventDate "2005.03.24"]
[EventType "swiss"]
[EventRounds "7"]
[EventCountry "CAN"]

1. e4 d6 2. d4 Nf6 3. Nc3 Bg4 4. Nf3 Nc6 5. Be2 e6 6. h3 Bh5 7. Be3 d5 8. exd5 exd5 9. O-O Bb4 10. Ne5 O-O 11. Bxh5 Nxh5 12. Qxh5 Nxe5 13. Qxe5 Bd6 14. Qxd5 c6 15. Qg5 Bc7 16. Rad1 Qd6 17. f4 Qg6 18. Qxg6 fxg6 19. d5 cxd5 20. Nxd5 Rad8 21. Nxc7 Rc8 22. Nb5 Rxc2 23. Nxa7 Rxb2 24. Rd7 Re8 25. Bd4 Ree2 26. Rxg7+ Kf8 27. Bxb2 Rxb2 28. Rxh7 Rxa2 29. Rxb7 Rc2 30. f5 gxf5 31. Rxf5+ Ke8 32. Rh5 Rf2 33. Kxf2 Kf8 34. Rh8# 1-0

[Event "CYCC U10"]
[Site "Victoria CAN"]
[Date "2005.03.24"]
[Round "2.2"]
[White "Milner, Arie"]
[Black "Kaminski, Thomas"]
[Result "1-0"]
[WhiteElo "1405"]
[BlackElo "1786"]
[PlyCount "99"]
[GameId "2160767910968950"]
[EventDate "2005.03.24"]
[EventType "swiss"]
[EventRounds "7"]
[EventCountry "CAN"]

1. e4 d5 2. exd5 Qxd5 3. Nc3 Qa5 4. Bc4 Nf6 5. Nf3 c6 6. d3 Bg4 7. Bd2 Qh5 8. Bf4 Nbd7 9. Qe2 e6 10. a3 Be7 11. Qe3 Nb6 12. Ne5 Nfd5 13. Bxd5 Nxd5 14. Nxd5 exd5 15. Nxg4 Qxg4 16. Bd6 Qd7 17. Qxe7+ Qxe7+ 18. Bxe7 Kxe7 19. Kd2 Kd6 20. Rhe1 f5 21. Re2 Rhe8 22. Rae1 Rxe2+ 23. Rxe2 g5 24. d4 Rf8 25. c3 h6 26. Re5 c5 27. Ke3 cxd4+ 28. Kxd4 Rc8 29. Rxd5+ Ke6 30. Re5+ Kf6 31. Rc5 Rd8+ 32. Rd5 Re8 33. Rd6+ Re6 34. Rxe6+ Kxe6 35. c4 a5 36. a4 h5 37. g3 Kd6 38. c5+ Ke6 39. f4 g4 40. Kc4 Kd7 41. Kd5 Ke7 42. Ke5 Kf7 43. Kxf5 Ke7 44. Kg6 Kf8 45. Kf6 Ke8 46. Kg7 Ke7 47. f5 Ke8 48. f6 Kd7 49. f7 Kc6 50. f8=Q 1-0

[Event "CYCC U10"]
[Site "Victoria CAN"]
[Date "2005.03.24"]
[Round "2.3"]
[White "Cunningham, Ross"]
[Black "Gusev, Nikita"]
[Result "0-1"]
[WhiteElo "1337"]
[BlackElo "1732"]
[PlyCount "120"]
[GameId "2160767910968951"]
[EventDate "2005.03.24"]
[EventType "swiss"]
[EventRounds "7"]
[EventCountry "CAN"]

1. e4 c5 2. Nc3 d6 3. Nf3 Bg4 4. Be2 Nc6 5. h3 Bxf3 6. Bxf3 Nd4 7. d3 g6 8. Ne2 Nxf3+ 9. gxf3 Bg7 10. c3 e6 11. Qa4+ Qd7 12. Qxd7+ Kxd7 13. Be3 Ne7 14. f4 Nc6 15. f3 b5 16. Rd1 b4 17. d4 cxd4 18. Bxd4 Nxd4 19. cxd4 d5 20. Kf2 Rac8 21. Rc1 Rxc1 22. Rxc1 Rc8 23. Rxc8 Kxc8 24. Ke3 f5 25. exd5 exd5 26. a3 bxa3 27. bxa3 Bf8 28. a4 Bb4 29. Nc1 Kd7 30. Nd3 a5 31. Ne5+ Ke6 32. Nc6 Kd6 33. Ne5 Ba3 34. Nd3 Bb4 35. Ne5 Be1 36. Nd3 Bc3 37. Nc5 Bb4 38. Nd3 Ba3 39. Ke2 Ke6 40. Ke3 Kf6 41. h4 h5 42. Ke2 Ke6 43. Ke3 Be7 44. Ne5 Bxh4 45. Nxg6 Be1 46. Ne5 h4 47. Nd3 h3 48. Nf2 h2 49. Nh1 Kf6 50. Ke2 Bc3 51. Kd3 Bb2 52. Ke3 Bc1+ 53. Kd3 Bxf4 54. Ke2 Kg5 55. Kf2 Bd6 56. Kg2 Kf4 57. Ng3 h1=Q+ 58. Nxh1 Ke3 59. Ng3 Bxg3 60. Kxg3 Kxd4 0-1

[Event "CYCC U10"]
[Site "Victoria CAN"]
[Date "2005.03.24"]
[Round "2.4"]
[White "Inigo, Aquino"]
[Black "Belanger, Marc Andre"]
[Result "1-0"]
[WhiteElo "1709"]
[BlackElo "1327"]
[PlyCount "71"]
[GameId "2160767910968952"]
[EventDate "2005.03.24"]
[EventType "swiss"]
[EventRounds "7"]
[EventCountry "CAN"]

1. d4 c6 2. c4 d5 3. Nf3 Nf6 4. Nc3 e6 5. Bg5 Bb4 6. cxd5 cxd5 7. Qb3 Bxc3+ 8. bxc3 O-O 9. e3 a6 10. a4 h6 11. Bh4 Nbd7 12. Bd3 Qe7 13. O-O b6 14. c4 Bb7 15. Rfc1 Qd8 16. c5 Rb8 17. c6 Bxc6 18. Rxc6 a5 19. Ne5 Re8 20. Nxd7 Qxd7 21. Bb5 Red8 22. Bxf6 gxf6 23. Rac1 Qe7 24. Rc7 Qf8 25. Qd1 Qg7 26. Re7 e5 27. dxe5 fxe5 28. Rcc7 Rbc8 29. Rxc8 Rxc8 30. Qxd5 Rc1+ 31. Bf1 Qg6 32. Qxe5 Qd3 33. Re8+ Kh7 34. Rh8+ Kg6 35. Rg8+ Kh7 36. Qg7# 1-0

[Event "CYCC U10"]
[Site "Victoria CAN"]
[Date "2005.03.24"]
[Round "2.5"]
[White "Cheng, Jack"]
[Black "Sohal, Tanraj"]
[Result "1-0"]
[WhiteElo "1545"]
[BlackElo "1279"]
[PlyCount "99"]
[GameId "2160767910968953"]
[EventDate "2005.03.24"]
[EventType "swiss"]
[EventRounds "7"]
[EventCountry "CAN"]

1. e4 e5 2. Nf3 Nc6 3. d4 exd4 4. Nxd4 Bc5 5. Be3 Qf6 6. c3 d6 7. Bb5 Bd7 8. O-O Nge7 9. f4 h6 10. Kh1 O-O 11. Qd3 a6 12. Nxc6 Bxc6 13. Bxc6 Nxc6 14. Bxc5 dxc5 15. Qe3 b6 16. Nd2 Rfe8 17. Rae1 Rad8 18. Nf3 Ne7 19. Ne5 Ng6 20. Nxg6 Qxg6 21. f5 Qd6 22. e5 Qd2 23. Qe2 Qxe2 24. Rxe2 Rd5 25. Rfe1 f6 26. e6 Rxf5 27. g3 Rd5 28. Kg2 Red8 29. Kf3 Rd3+ 30. Kf4 R8d6 31. Kf5 R3d5+ 32. Kf4 g5+ 33. Kg4 Kg7 34. Rf2 Rd8 35. h4 f5+ 36. Rxf5 Rxf5 37. Kxf5 gxh4 38. gxh4 Rf8+ 39. Kg4 b5 40. b3 Kf6 41. Rf1+ Ke7 42. Rxf8 Kxf8 43. Kf5 Ke7 44. Ke5 c6 45. h5 a5 46. c4 a4 47. Kf5 a3 48. Ke5 b4 49. Kf5 Ke8 50. Kg6 1-0

[Event "CYCC U10"]
[Site "Victoria CAN"]
[Date "2005.03.24"]
[Round "2.8"]
[White "Knox, Christopher"]
[Black "Li, Stanley"]
[Result "1-0"]
[WhiteElo "1505"]
[BlackElo "1197"]
[PlyCount "73"]
[GameId "2160767910968954"]
[EventDate "2005.03.24"]
[EventType "swiss"]
[EventRounds "7"]
[EventCountry "CAN"]

1. d4 d5 2. c4 c6 3. Nc3 e6 4. Nf3 Nf6 5. Bg5 Bb4 6. Qb3 Bxc3+ 7. Qxc3 Nbd7 8. e3 h6 9. Bh4 a6 10. Bd3 b5 11. c5 Bb7 12. b4 a5 13. a3 axb4 14. axb4 Rxa1+ 15. Qxa1 O-O 16. O-O Qa8 17. Qb2 Ne4 18. Ra1 Qe8 19. Bxe4 dxe4 20. Nd2 f5 21. Bg3 Qh5 22. Nb3 g5 23. Bd6 Rc8 24. h3 Nf6 25. Ra7 Qf7 26. Na5 g4 27. Rxb7 Qh5 28. d5 gxh3 29. Qa1 hxg2 30. Kxg2 Qf3+ 31. Kg1 Qg4+ 32. Kf1 Nxd5 33. Be5 Qh3+ 34. Ke2 Qf3+ 35. Ke1 Nxb4 36. Rg7+ Kf8 37. Bd6+ 1-0

[Event "CYCC U10"]
[Site "Victoria CAN"]
[Date "2005.03.24"]
[Round "2.9"]
[White "Constantinescu, Vlad"]
[Black "Zhao, Donovan"]
[Result "0-1"]
[WhiteElo "1094"]
[BlackElo "862"]
[PlyCount "24"]
[GameId "2160767910968955"]
[EventDate "2005.03.24"]
[EventType "swiss"]
[EventRounds "7"]
[EventCountry "CAN"]

1. e4 e5 2. c3 d5 3. exd5 c6 4. dxc6 Nxc6 5. Bb5 Qc7 6. Ne2 Nf6 7. d4 exd4 8. Nxd4 Bd7 9. Qf3 Nxd4 10. Bxd7+ Nxd7 11. Bf4 Nxf3+ 12. gxf3 Qxf4 0-1

[Event "CYCC U10"]
[Site "Victoria CAN"]
[Date "2005.03.24"]
[Round "2.12"]
[White "Dragan, Cristian"]
[Black "Hood, Liam"]
[Result "1-0"]
[WhiteElo "1044"]
[BlackElo "782"]
[PlyCount "48"]
[GameId "2160767910968956"]
[EventDate "2005.03.24"]
[EventType "swiss"]
[EventRounds "7"]
[EventCountry "CAN"]

1. e4 e5 2. Nf3 d6 3. Nc3 Nf6 4. Be2 c6 5. d3 Nbd7 6. Bg5 Be7 7. O-O O-O 8. d4 d5 9. Bxf6 Bxf6 10. exd5 e4 11. Nxe4 Be7 12. dxc6 bxc6 13. Ne5 Nxe5 14. dxe5 f6 15. Qxd8 Rxd8 16. exf6 gxf6 17. Bc4+ Kf8 18. Rad1 Rxd1 19. Rxd1 Bg4 20. f3 Bf5 21. Bd3 Bd6 22. Nc3 Rd8 23. Re1 Bc5+ 24. Kh1 Bf2 1-0

[Event "CYCC U10"]
[Site "Victoria CAN"]
[Date "2005.03.24"]
[Round "2.13"]
[White "Wong, Justin"]
[Black "Duncalfe, Clay"]
[Result "1-0"]
[WhiteElo "763"]
[BlackElo "954"]
[PlyCount "55"]
[GameId "2160767910968957"]
[EventDate "2005.03.24"]
[EventType "swiss"]
[EventRounds "7"]
[EventCountry "CAN"]

1. e4 e5 2. Qh5 Qf6 3. Nf3 Qa6 4. Bxa6 bxa6 5. Qxe5+ Kd8 6. d4 d6 7. Qd5 c6 8. Qxf7 Bg4 9. Qxf8+ Kd7 10. Qxg7+ Ke8 11. Qxh8 Kf7 12. Qxh7+ Kf8 13. Bh6+ Ke8 14. Qxg8+ Kd7 15. Qxg4+ Kc7 16. Qg7+ Kb6 17. Na3 c5 18. dxc5+ dxc5 19. Nc4+ Kb5 20. Qb7+ Kxc4 21. Qxa8 Nd7 22. Qd5+ Kb5 23. Qxd7+ Kb6 24. Bg5 c4 25. Bd8+ Kc5 26. Rc1 Kb4 27. a3+ Kc5 28. b4+ 1-0

[Event "CYCC U10"]
[Site "Victoria CAN"]
[Date "2005.03.24"]
[Round "2.14"]
[White "Gann, Connor"]
[Black "Rathwell, James"]
[Result "1-0"]
[WhiteElo "922"]
[BlackElo "764"]
[PlyCount "45"]
[GameId "2160767910968958"]
[EventDate "2005.03.24"]
[EventType "swiss"]
[EventRounds "7"]
[EventCountry "CAN"]

1. d4 d5 2. c4 c6 3. Nc3 Nf6 4. Bg5 Nbd7 5. g3 e6 6. e4 Be7 7. e5 Ne4 8. Nxe4 dxe4 9. Bxe7 Qxe7 10. Bg2 Qb4+ 11. Qd2 Qxc4 12. Bxe4 Nxe5 13. Rc1 Nd3+ 14. Bxd3 Qxd4 15. Nf3 Qd5 16. Qe3 Qxa2 17. Qd4 O-O 18. Ng5 c5 19. Bxh7+ Kh8 20. Rb1 Qd5 21. Qh4 Qxh1+ 22. Ke2 Qd5 23. Be4+ 1-0

[Event "CYCC U10"]
[Site "Victoria CAN"]
[Date "2005.03.24"]
[Round "2.15"]
[White "Wild, Jonathan"]
[Black "Michaelis, Nathaniel"]
[Result "0-1"]
[WhiteElo "848"]
[BlackElo "718"]
[PlyCount "38"]
[GameId "2160767910968959"]
[EventDate "2005.03.24"]
[EventType "swiss"]
[EventRounds "7"]
[EventCountry "CAN"]

1. e4 e5 2. Nf3 Nc6 3. Nc3 Nf6 4. Bc4 Bb4 5. O-O O-O 6. Ng5 Ng4 7. d3 Bc5 8. Qxg4 d6 9. Qh4 h6 10. Nxf7 Qxh4 11. Nxh6+ Kh8 12. Nf5 Qh5 13. Re1 Bxf5 14. exf5 Rxf5 15. Bd5 Bd4 16. Be4 Bxf2+ 17. Kh1 Rf6 18. Re2 Bg3 19. Bf3 Qxh2# 0-1

[Event "CYCC U10"]
[Site "Victoria CAN"]
[Date "2005.03.24"]
[Round "2.16"]
[White "Harris, Phelan"]
[Black "McDonald, Garrett"]
[Result "1-0"]
[WhiteElo "812"]
[BlackElo "840"]
[PlyCount "147"]
[GameId "2160767910968960"]
[EventDate "2005.03.24"]
[EventType "swiss"]
[EventRounds "7"]
[EventCountry "CAN"]

1. e4 d6 2. Bb5+ c6 3. Ba4 Nf6 4. d3 Bd7 5. Bg5 e5 6. Nf3 Be7 7. O-O O-O 8. Nc3 h6 9. Bh4 Ng4 10. h3 Bxh4 11. Nxh4 Qxh4 12. Qxg4 Bxg4 13. hxg4 Qxg4 14. f3 Qg3 15. Ne2 Qg5 16. Bb3 Re8 17. f4 Qg4 18. fxe5 Re7 19. Nd4 g6 20. Rf2 Rxe5 21. Bxf7+ Kg7 22. Be6 Qg3 23. Raf1 Nd7 24. Bxd7 Rg5 25. Rf7+ Kg8 26. R1f2 Rh5 27. Be6 Qh2+ 28. Kf1 Qh1+ 29. Ke2 Kh8 30. Rf8+ Rxf8 31. Rxf8+ Kg7 32. Rf7+ Kh8 33. Nf3 Qxg2+ 34. Ke3 g5 35. e5 dxe5 36. Nxe5 Rh4 37. Ng6+ Kg8 38. Nxh4 Qg3+ 39. Kd4 Qxh4+ 40. Kc3 g4 41. Rf4+ Kg7 42. Rxg4+ Qg5 43. d4 Kg6 44. Rxg5+ hxg5 45. d5 cxd5 46. Bxd5 g4 47. Kb4 g3 48. c4 Kf5 49. c5 Ke5 50. c6 bxc6 51. Bxc6 Ke6 52. Kb5 Ke7 53. a4 a6+ 54. Kc5 a5 55. Kb5 Ke6 56. Bf3 Ke5 57. Kxa5 Kf4 58. Bc6 Kg4 59. Kb6 Kh3 60. a5 g2 61. Bxg2+ Kxg2 62. a6 Kf2 63. a7 Ke2 64. a8=Q Kd2 65. b4 Kc3 66. b5 Kb4 67. Qa5+ Kb3 68. Kc5 Kc2 69. Qa3 Kd2 70. Kd4 Kc2 71. Qc3+ Kd1 72. Qb2 Ke1 73. Ke3 Kd1 74. Qd2# 1-0

[Event "CYCC U10"]
[Site "Victoria CAN"]
[Date "2005.03.25"]
[Round "3.2"]
[White "Gusev, Nikita"]
[Black "Cheng, Jack"]
[Result "1/2-1/2"]
[WhiteElo "1732"]
[BlackElo "1545"]
[PlyCount "148"]
[GameId "2160767910968961"]
[EventDate "2005.03.24"]
[EventType "swiss"]
[EventRounds "7"]
[EventCountry "CAN"]

1. e4 e5 2. Nf3 Nc6 3. Bb5 a6 4. Ba4 Nf6 5. d3 d6 6. c3 b5 7. Bb3 Be7 8. O-O O-O 9. Re1 Bg4 10. Nbd2 Re8 11. Nf1 Na5 12. Bc2 c5 13. h3 Bh5 14. g4 Bg6 15. Ng3 Qc7 16. Nh4 Nc6 17. g5 Nd7 18. Nhf5 f6 19. Bb3+ Kh8 20. Nh4 Rf8 21. Nxg6+ hxg6 22. Qg4 fxg5 23. Bxg5 Bxg5 24. Qxg5 Rf4 25. Ne2 Raf8 26. Nxf4 Rxf4 27. Qxg6 Nf6 28. Re3 Qd7 29. Bf7 Nd8 30. Bd5 Nxd5 31. exd5 Nf7 32. Qe6 Qd8 33. Rg3 Nh6 34. Qg6 Qf8 35. Rf1 Rf6 36. Qe4 Rf4 37. Qg2 Rf7 38. Rg6 Nf5 39. Qg5 Nh6 40. Re6 Nf5 41. h4 Nh6 42. Qg6 Nf5 43. Kh1 Kg8 44. Rg1 Nxh4 45. Qh5 Nf5 46. Rg2 c4 47. Rh2 Nh6 48. Qg6 Kh8 49. dxc4 bxc4 50. Rxh6+ gxh6 51. Qxh6+ Qxh6+ 52. Rxh6+ Kg7 53. Rxd6 Rxf2 54. Rxa6 Rxb2 55. d6 Rd2 56. Rc6 e4 57. Rc7+ Kf6 58. Rxc4 Rxd6 59. Rxe4 Ra6 60. Re2 Rc6 61. Rc2 Ke5 62. a4 Rc4 63. a5 Ra4 64. Rh2 Kd6 65. Rh5 Ra3 66. a6 Rxc3 67. Kg2 Ra3 68. Rh6+ Kc7 69. Kf2 Kb8 70. Ke2 Ka7 71. Kd2 Rxa6 72. Rh7+ Kb6 73. Rh6+ Kb5 74. Rxa6 Kxa6 1/2-1/2

[Event "CYCC U10"]
[Site "Victoria CAN"]
[Date "2005.03.25"]
[Round "3.4"]
[White "Zhao, Donovan"]
[Black "Milner, Arie"]
[Result "0-1"]
[WhiteElo "852"]
[BlackElo "1405"]
[PlyCount "118"]
[GameId "2160767910968962"]
[EventDate "2005.03.24"]
[EventType "swiss"]
[EventRounds "7"]
[EventCountry "CAN"]

1. e4 c6 2. d4 d5 3. e5 Bf5 4. Nf3 e6 5. Be2 Bg6 6. Be3 Qb6 7. b3 Bb4+ 8. c3 Bxb1 9. Rxb1 Bxc3+ 10. Bd2 Bxd2+ 11. Qxd2 Ne7 12. O-O Nd7 13. b4 a6 14. Ne1 Nf5 15. Nc2 O-O 16. Kh1 Qd8 17. f4 Qh4 18. Kg1 Qd8 19. Bg4 Ne7 20. Ne3 Qb6 21. f5 exf5 22. Bxf5 Nxf5 23. Rxf5 Rae8 24. Kh1 Re6 25. a3 Rg6 26. Rbf1 Qd8 27. Qf2 Qe7 28. Nd1 Rh6 29. Nb2 Qh4 30. Qxh4 Rxh4 31. R1f4 Rxf4 32. Rxf4 Re8 33. h3 Re6 34. Rf3 Rh6 35. Kg1 Kf8 36. Kf2 Ke7 37. Nd3 Rh4 38. Ke3 Rh6 39. Ke2 g5 40. Kf2 Rg6 41. Ne1 Rg8 42. Nc2 f6 43. exf6+ Nxf6 44. Ne3 Ne4+ 45. Ke2 Nd6 46. Nf5+ Nxf5 47. Rxf5 h6 48. Kd3 Rf8 49. Re5+ Kd7 50. Ke2 Re8 51. Rxe8 Kxe8 52. Ke3 Kd7 53. Kf3 Kc7 54. Ke3 Kb6 55. Kd3 a5 56. Kc3 Kb5 57. Kb3 axb4 58. axb4 b6 59. Kc3 Ka4 0-1

[Event "CYCC U10"]
[Site "Victoria CAN"]
[Date "2005.03.25"]
[Round "3.6"]
[White "Cannon, Farley"]
[Black "Dragan, Cristian"]
[Result "1-0"]
[WhiteElo "1351"]
[BlackElo "1044"]
[PlyCount "50"]
[GameId "2160767910968963"]
[EventDate "2005.03.24"]
[EventType "swiss"]
[EventRounds "7"]
[EventCountry "CAN"]

1. e4 e5 2. Nf3 Nc6 3. Bc4 Bc5 4. c3 Nf6 5. d4 exd4 6. cxd4 Bb4+ 7. Nc3 Bxc3+ 8. bxc3 Nxe4 9. O-O O-O 10. d5 Ne7 11. Re1 Nf6 12. d6 Ng6 13. Ba3 c6 14. Qb3 Qb6 15. Qc2 c5 16. Qd3 Nf4 17. Qe3 Ne6 18. Bxe6 fxe6 19. Bxc5 Qa5 20. Bd4 b6 21. Ne5 Nd5 22. Qg3 Nf6 23. Re3 Nh5 24. Qg5 Rf5 25. Qe7 h6 1-0

[Event "CYCC U10"]
[Site "Victoria CAN"]
[Date "2005.03.25"]
[Round "3.7"]
[White "Gladstone, Simon"]
[Black "Cunningham, Ross"]
[Result "0-1"]
[WhiteElo "1136"]
[BlackElo "1337"]
[PlyCount "78"]
[GameId "2160767910968964"]
[EventDate "2005.03.24"]
[EventType "swiss"]
[EventRounds "7"]
[EventCountry "CAN"]

1. e4 e5 2. Nf3 Nc6 3. Bc4 Bc5 4. Qe2 Nf6 5. Ng5 O-O 6. Nxf7 Rxf7 7. Bxf7+ Kxf7 8. Qc4+ Kf8 9. Qxc5+ Kg8 10. O-O Kh8 11. Nc3 Nd4 12. Qxe5 Nxc2 13. Rb1 d6 14. Qg5 Nd4 15. d3 Bd7 16. Qh4 Qf8 17. Bg5 Ng4 18. Nd5 Ne5 19. Ne7 Ndf3+ 20. gxf3 Nxf3+ 21. Kg2 Nxh4+ 22. Bxh4 c6 23. f4 Qf7 24. f5 Qh5 25. Kh3 Re8 26. Kg3 c5 27. Nd5 b6 28. Be7 Rxe7 29. Nxe7 Qg5+ 30. Kf3 Qxe7 31. Ke2 h6 32. Rf2 Qe5 33. b3 d5 34. Ke3 Qd4+ 35. Ke2 dxe4 36. Rd1 Bb5 37. a4 Bxd3+ 38. Ke1 Qe3+ 39. Re2 Qxe2# 0-1

[Event "CYCC U10"]
[Site "Victoria CAN"]
[Date "2005.03.25"]
[Round "3.10"]
[White "Sohal, Tanraj"]
[Black "Harris, Phelan"]
[Result "1-0"]
[WhiteElo "1279"]
[BlackElo "812"]
[PlyCount "27"]
[GameId "2160767910968965"]
[EventDate "2005.03.24"]
[EventType "swiss"]
[EventRounds "7"]
[EventCountry "CAN"]

1. e4 e5 2. Nf3 Nc6 3. Bb5 Bb4 4. O-O Nf6 5. Bxc6 dxc6 6. Nxe5 O-O 7. d3 Bg4 8. Nxg4 Nh5 9. Nh6+ gxh6 10. Qxh5 Qg5 11. Bxg5 Rae8 12. Bxh6 Bd6 13. Qg5+ Kh8 14. Qg7# 1-0

[Event "CYCC U10"]
[Site "Victoria CAN"]
[Date "2005.03.25"]
[Round "3.12"]
[White "Li, Stanley"]
[Black "Wong, Justin"]
[Result "1-0"]
[WhiteElo "1197"]
[BlackElo "763"]
[PlyCount "37"]
[GameId "2160767910968966"]
[EventDate "2005.03.24"]
[EventType "swiss"]
[EventRounds "7"]
[EventCountry "CAN"]

1. e4 e5 2. Nf3 Bc5 3. Nc3 Nf6 4. d3 Ng4 5. d4 exd4 6. Nxd4 Qf6 7. Qxg4 Bxd4 8. Qf4 Bxc3+ 9. bxc3 Qxc3+ 10. Qd2 Qxa1 11. Bc4 Qe5 12. O-O b5 13. Bb3 Qxe4 14. Re1 Qxe1+ 15. Qxe1+ Kf8 16. Ba3+ d6 17. Qe4 c6 18. Bxd6+ Kg8 19. Qe8# 1-0

[Event "CYCC U10"]
[Site "Victoria CAN"]
[Date "2005.03.25"]
[Round "3.13"]
[White "Hood, Liam"]
[Black "Constantinescu, Vlad"]
[Result "0-1"]
[WhiteElo "782"]
[BlackElo "1094"]
[PlyCount "56"]
[GameId "2160767910968967"]
[EventDate "2005.03.24"]
[EventType "swiss"]
[EventRounds "7"]
[EventCountry "CAN"]

1. d4 d5 2. c3 f6 3. e3 Nc6 4. Nd2 e5 5. Ngf3 e4 6. Nh4 f5 7. g3 Be7 8. Ng2 Nf6 9. Be2 Be6 10. h3 Qd7 11. g4 fxg4 12. hxg4 Bxg4 13. f3 exf3 14. Nxf3 Ne4 15. Bd3 Ng5 16. Nxg5 Bxd1 17. Rf1 Bxg5 18. Bf5 Qd6 19. b4 Qg3+ 20. Kxd1 Qxg2 21. e4 Qxf1+ 22. Kc2 Bxc1 23. Rb1 dxe4 24. Rb3 Qxf5 25. a4 e3+ 26. Kd1 O-O 27. a5 Qd3+ 28. Ke1 Rf1# 0-1

[Event "CYCC U10"]
[Site "Victoria CAN"]
[Date "2005.03.25"]
[Round "3.14"]
[White "Duncalfe, Clay"]
[Black "Leu, Steven"]
[Result "0-1"]
[WhiteElo "954"]
[BlackElo "794"]
[PlyCount "66"]
[GameId "2160767910968968"]
[EventDate "2005.03.24"]
[EventType "swiss"]
[EventRounds "7"]
[EventCountry "CAN"]

1. e4 c5 2. Qf3 Nc6 3. Bc4 Nf6 4. Qd1 Nxe4 5. f3 Nf6 6. g3 d5 7. f4 dxc4 8. d3 cxd3 9. Qxd3 Qxd3 10. cxd3 Nb4 11. Be3 Nc2+ 12. Kd2 Nxa1 13. b3 e6 14. Bxc5 Bxc5 15. d4 Bxd4 16. Kd3 Bxg1 17. Rxg1 Ng4 18. Nc3 Nxb3 19. Rb1 Nc5+ 20. Ke2 Nxh2 21. Rh1 Ng4 22. Kf3 e5 23. fxe5 Nxe5+ 24. Ke3 Ng6 25. Kd4 Ne6+ 26. Ke4 h5 27. Rxh5 Rxh5 28. g4 Rh4 29. Kf3 Nd4+ 30. Kg3 Rxg4+ 31. Kf2 Rf4+ 32. Ke3 b5 33. Nxb5 Nxb5 0-1

[Event "CYCC U10"]
[Site "Victoria CAN"]
[Date "2005.03.25"]
[Round "3.15"]
[White "Rathwell, James"]
[Black "Wild, Jonathan"]
[Result "0-1"]
[WhiteElo "764"]
[BlackElo "848"]
[PlyCount "54"]
[GameId "2160767910968969"]
[EventDate "2005.03.24"]
[EventType "swiss"]
[EventRounds "7"]
[EventCountry "CAN"]

1. d4 Nc6 2. c4 b6 3. Nc3 Bb7 4. e4 Nb4 5. Nf3 e6 6. d5 exd5 7. cxd5 Nf6 8. e5 Ng4 9. Bf4 Bc5 10. Bg5 Qc8 11. Be3 Bxe3 12. fxe3 Nxe3 13. Qd2 Nec2+ 14. Kd1 Nxa1 15. d6 O-O 16. Ng5 cxd6 17. exd6 h6 18. Nge4 Nac2 19. Bd3 Qe8 20. Bxc2 Nxc2 21. Qxc2 f5 22. Ng3 Qe6 23. Re1 Qxd6+ 24. Kc1 Qf4+ 25. Kb1 Rfe8 26. Rxe8+ Rxe8 27. Qxf5 Qe3 0-1

[Event "CYCC U10"]
[Site "Victoria CAN"]
[Date "2005.03.25"]
[Round "3.16"]
[White "McDonald, Garrett"]
[Black "Brown, David"]
[Result "1/2-1/2"]
[WhiteElo "840"]
[BlackElo "777"]
[PlyCount "61"]
[GameId "2160767910968970"]
[EventDate "2005.03.24"]
[EventType "swiss"]
[EventRounds "7"]
[EventCountry "CAN"]

1. d4 d5 2. c4 c5 3. dxc5 Nc6 4. cxd5 Ne5 5. Nc3 Nf6 6. e4 Bg4 7. f3 Bd7 8. Bb5 g6 9. f4 Neg4 10. h3 Rb8 11. Bxd7+ Nxd7 12. hxg4 Bg7 13. Be3 O-O 14. Bd4 Bxd4 15. Qxd4 f6 16. Qe3 e5 17. Qh3 Rf7 18. c6 bxc6 19. dxc6 Nb6 20. Rd1 Qc7 21. Nge2 Rd8 22. O-O Rxd1 23. Rxd1 Qxc6 24. g5 Rd7 25. fxe5 fxe5 26. Rf1 Rf7 27. g3 Rxf1+ 28. Qxf1 Qc4 29. Qf3 Qf7 30. Qe3 Nc4 31. Qc1 1/2-1/2

[Event "CYCC U10"]
[Site "Victoria CAN"]
[Date "2005.03.25"]
[Round "4.1"]
[White "Milner, Arie"]
[Black "Baser, Arthur"]
[Result "1-0"]
[WhiteElo "1405"]
[BlackElo "1477"]
[PlyCount "55"]
[GameId "2160767910968971"]
[EventDate "2005.03.24"]
[EventType "swiss"]
[EventRounds "7"]
[EventCountry "CAN"]

1. e4 e6 2. d4 d5 3. Nc3 Bb4 4. e5 c5 5. a3 Bxc3+ 6. bxc3 b6 7. Qg4 Ne7 8. Qxg7 Rg8 9. Qxh7 Bb7 10. Nf3 Nbc6 11. Bg5 Rf8 12. Bh6 Ng6 13. Bxf8 Nxf8 14. Qg8 Qe7 15. Bb5 O-O-O 16. Bxc6 Bxc6 17. Qg4 Qd7 18. Qf4 Ng6 19. Qe3 c4 20. Ng5 Rg8 21. Nh7 Qe7 22. Nf6 Rg7 23. Qh6 Qf8 24. Nh5 Rg8 25. Qxf8+ Rxf8 26. a4 Kd7 27. Nf6+ Kc7 28. g3 1-0